00170nam a2200073Ia 4500008004100000100001300041245002400054260001800078190216s9999||||xx |||||||||||||| ||und|| aAyyaneth 0aHawwayude Puthrimar bCurrent Books